000 01069nam a2200241Ia 4500
001 IA_Getting the following financial indicators: TIR = 32.0% y VAN = 12´054,150.00. Developed to implement the project generates an economic impact and social for the region to create jobs for the community thus as revenue for the company without damaging the environment.
002 ESTUDIO DE FACTIBILIDAD TECNICO-ECONOMICO PARA LA
008 220117s xx 000 0 und d
010 _a184372
530 _aDisponible en PDF
583 _a1 ej. imp. ; 2 ej. CD
650 0 _aEntrepreneurship
_zMexico
_zJalisco
_9148608
650 _aGreenhouses
_9156789
650 0 _aIniciativa empresarial
_zMéxico
_zJalisco
_9148610
650 _aInvernaderos
_960172
650 0 _aPaprika
_9156790
650 0 _aPimentón
_x
_9156791
700 _aLeyva Ruelas, Gabriel, asesor
_9163711
700 1 _aPonce Hernández, Pedro
_9147918
700 _aReyna Izaguirre, Diana América, asesor
_9163686
942 _cTESIS V55 2011
999 _c184372
_d184372